Music Quiz

Random Music or Classical Quiz

Somewhere in the Middle (Music) Quiz Stats

 Plays Quiz Updated Jul 2, 2017

Support Sporcle.
Go Orange.
Score 0/20 Timer 03:00
1 Play Today
% Correct
Stop
97.5%
It
97.4%
Ray
96%
Amadeus
95.7%
Suede
95.4%
Lloyd
94%
Cool
93.1%
Clearwater
92.7%
Ilyich
92.6%
Lee
91.6%
% Correct
Please
91.4%
Little
90.8%
About
89.9%
Tambourine
89.9%
Davis
88.5%
Jam
87.4%
Daniels
85.1%
Contrabass
84.2%
Boy
83.7%
County
83.6%

You're not logged in!

Compare scores with friends on all Sporcle quizzes.
OR
Log In
Forgot?

From the Vault

In Memoriam: 2013

by SporcleEXP

A tribute to those we lost in 2013.
Remove Ads.
Support Sporcle.
Get the best of Sporcle when you Go Orange. This ad-free experience offers more features, more stats, and more fun while also helping to support Sporcle. Thank you for becoming a member.

Show Comments

Extras

Top Quizzes Today


Score Distribution

Your Account Isn't Verified!

In order to create a playlist on Sporcle, you need to verify the email address you used during registration. Go to your Sporcle Settings to finish the process.

Report this User

Report this user for behavior that violates our Community Guidelines.

Details: